More brownfield land available (Record no. 71147)

MARC details
000 -LEADER
fixed length control field 01153cam a2200229 4500
001 - CONTROL NUMBER
control field WB3833-18
008 - FIXED-LENGTH DATA ELEMENTS--GENERAL INFORMATION
fixed length control field 020912n2002 000 0 eng u
035 ## - SYSTEM CONTROL NUMBER
System control number (Sirsi) u119677
245 ## - TITLE STATEMENT
Title More brownfield land available
260 ## - PUBLICATION, DISTRIBUTION, ETC.
Date of publication, distribution, etc. 2002
490 ## - SERIES STATEMENT
Series statement ODPM News Release
Volume/sequential designation 12 September 2002, (2)
520 ## - SUMMARY, ETC.
Summary, etc. New figures provided by the National Land Use Database (NLUD) show that 66 000 hectares of brownfield land are available for development. These figures demonstrate that shortage of land is no obstacle to exceeding the government's target of 60% of new developments to be built on previously developed land and through conversion of existing buildings by 2008. An information bulletin is available at. http://www.odpm.gov.uk/news/0209/bf2002.htm http//www.odpm.gov.uk/news/0209/0072.htm
590 ## - LOCAL NOTE (RLIN)
Local note WB
650 ## - SUBJECT ADDED ENTRY--TOPICAL TERM
Topical term or geographic name entry element Affordable housing
9 (RLIN) 6215
650 ## - SUBJECT ADDED ENTRY--TOPICAL TERM
Topical term or geographic name entry element BROWNFIELD LAND
650 ## - SUBJECT ADDED ENTRY--TOPICAL TERM
Topical term or geographic name entry element DEVELOPMENT
650 ## - SUBJECT ADDED ENTRY--TOPICAL TERM
Topical term or geographic name entry element NEW DEVELOPMENTS
650 ## - SUBJECT ADDED ENTRY--TOPICAL TERM
Topical term or geographic name entry element NATIONAL LAND USE DATABASE
650 ## - SUBJECT ADDED ENTRY--TOPICAL TERM
Topical term or geographic name entry element HOUSING
690 ## - LOCAL SUBJECT ADDED ENTRY--TOPICAL TERM (OCLC, RLIN)
Topical term or geographic name as entry element ENVIRONMENTAL AND LAND CONSULTANCY-PLANNING AND DEVELOPMENT
942 ## - ADDED ENTRY ELEMENTS (KOHA)
Suppress in OPAC 0
Holdings
Withdrawn status Lost status Source of classification or shelving scheme Damaged status Not for loan Home library Current library Shelving location Date acquired Total Checkouts Full call number Barcode Date last seen Copy number Price effective from Koha item type
    Dewey Decimal Classification     London London News article 12/09/2002   WB3833-18 119677-1001 06/08/2019 1 06/08/2019 News article